| 000 | 00606cam a22002173a 4500 | ||
|---|---|---|---|
| 001 | 44530 | ||
| 003 | PGUSA | ||
| 005 | 20140828084021.0 | ||
| 008 | 131227s2013||||xxu|||||s|||||000 | eng d | ||
| 040 |
_aPGUSA _beng |
||
| 042 | _adc | ||
| 100 | 1 |
_aLeask, W. Keith _q(William Keith), _d1857- |
|
| 245 | 1 | 0 |
_aHugh Miller _h[electronic resource] / _cW. Keith Leask |
| 260 |
_bProject Gutenberg, _c2013 |
||
| 506 | _aPublic domain in the USA. | ||
| 516 | _aElectronic text | ||
| 700 | 1 | _aBrown, Joseph | |
| 830 | 0 |
_aProject Gutenberg _v44530 |
|
| 856 | 4 | 0 | _uhttp://www.gutenberg.org/ebooks/44530 |
| 942 | _cEB | ||
| 999 |
_c273781 _d273781 |
||